000 00287nam a22001337a 4500
008 170912b xxu||||| |||| 00| 0 eng d
020 _a9780030963964
041 _aeng
080 _a53
100 _a43
101 _aFIZ
245 _aPHYSICAL SCIENCE
_c002-2925368
942 _2udc
_cBK
999 _c27260
_d27260